=LDR 00000nam 2200000 4500 =001 INLIS000000000007920 =005 20130612095840 =008 ***********************************Ind** =035 ##$$0010-061300000007920 =041 ##$$a Ind =082 ##$$a 001.422 076 =090 ##$$a 001.422 076, Toh s =100 ##$$a Toha, Makhin =245 ##$$a Soal jawab statistik, Toha Machsin =260 ##$$a 1982 $b Yogyakarta =300 ##$$a vi, 164 hlm, ilus, 20 cm =650 ##$$a Statistik-Soal Jawab